000 00686nam a2200265 i 4500
001 C2-0241697
003 PPAK
005 20180727203952.0
008 020813s1987 nyu |||| ||||| | eng d
020 _a0671641387
040 _aPPAK
_beng
_cPPAK
_erda
082 0 4 _a823
_223
090 0 0 _a823
_bKEE
_dKSI
100 1 _aKeene, Carolyn,
_eauthor
245 1 0 _aTrial by fire
264 1 _aNew York :
_bPocket Books ,
_c1987
300 _a155 pages ;
_c17 cm
336 _2rdacontent
_atext
337 _2rdamedia
_aunmediated
338 _2rdacarrier
_avolume
490 1 _aThe Nancy Drew Files
650 1 0 _aEnglish fiction
830 0 _aThe Nancy Drew Files
942 _ddc
_cB
999 _c56643
_d56643